[Event "Amager AMSF Gr2"]
[Site "Amager"]
[Date "2016.08.30"]
[Round "2"]
[White "May, Samuel Peter Heine"]
[Black "Andersen, Daniel"]
[Result "0-1"]
[WhiteElo "1759"]
[BlackElo "1760"]
[PlyCount "52"]
[EventDate "2016.08.16"]
[EventType "tourn"]
[EventRounds "7"]
[EventCountry "DEN"]
[SourceTitle "EXT 2023"]
[Source "ChessBase"]
[SourceDate "2022.10.05"]
[SourceVersion "1"]
[SourceVersionDate "2022.10.05"]
[SourceQuality "1"]

1. d4 Nf6 2. Nf3 g6 3. e3 c5 4. c3 b6 5. Bd3 Bg7 6. 0-0 0-0 7. e4 d5 8. exd5 cxd4 9. c4 e6 10. dxe6 Bxe6 11. b3 Nc6 12. Bb2 Qd7 13. Nbd2 Rad8 14. Re1 h6 15. a3 a5 16. Qc2 Rc8 17. Qd1 Rfd8 18. Rc1 Bf5 19. Qc2 Bxd3 20. Qxd3 Ne8 21. Red1 Nc7 22. Nf1 Ne6 23. Ba1 Qd6 24. Rc2 Qxa3 25. Bb2 Qb4 26. N1d2 Nf4 0-1

[Event "DEN-ch G7-B"]
[Site "Skorping"]
[Date "2014.04.19"]
[Round "5"]
[White "Pedersen, Lars Wisler"]
[Black "May, Samuel Peter Heine"]
[Result "1-0"]
[WhiteElo "1808"]
[BlackElo "1571"]
[PlyCount "147"]
[EventDate "2014.04.15"]
[EventType "swiss"]
[EventRounds "7"]
[EventCountry "DEN"]
[SourceTitle "EXT 2023"]
[Source "ChessBase"]
[SourceDate "2022.10.05"]
[SourceVersion "1"]
[SourceVersionDate "2022.10.05"]
[SourceQuality "1"]

1. e4 e5 2. Nf3 Nf6 3. Nc3 Nc6 4. Bb5 a6 5. Bxc6 dxc6 6. Nxe5 Nxe4 7. Nxe4 Qd4 8. 0-0 Qxe5 9. Re1 Be6 10. d4 Qd5 11. Ng5 0-0-0 12. Nxe6 fxe6 13. c3 c5 14. Be3 c4 15. Bf4 Bd6 16. Bxd6 cxd6 17. Qg4 Rde8 18. Re2 g6 19. Rae1 Kd7 20. Re3 Qf5 21. Qe2 Qd5 22. Qc2 Rhf8 23. Qa4+ Qb5 24. Qc2 Qf5 25. Qe2 Qd5 26. f3 Rf6 27. Rb1 Qf5 28. Qf1 d5 29. Qd1 e5 30. dxe5 Rxe5 31. Rxe5 Qxe5 32. Qe1 Qxe1+ 33. Rxe1 b5 34. Kf2 a5 35. Re5 Rd6 36. Ke3 b4 37. Kd4 Kc6 38. Re8 bxc3 39. bxc3 Rd7 40. Rc8+ Kb6 41. Re8 Kc6 42. a4 Kb7 43. Re2 Kc6 44. Re5 Rd6 45. Re8 Rd7 46. Rc8+ Kb6 47. Rb8+ Kc6 48. Re8 Kb6 49. h4 Kc6 50. h5 gxh5 51. Re6+ Kb7 52. Rh6 Rg7 53. Rxh5 Rxg2 54. Rxh7+ Kb6 55. Rh6+ Kb7 56. Kxd5 Ra2 57. f4 Rxa4 58. f5 Ra1 59. f6 Rf1 60. Ke6 Re1+ 61. Kf7 Kb6 62. Kg7 Rf1 63. f7+ Kb5 64. Rf6 Rg1+ 65. Kh6 Rh1+ 66. Kg7 Rg1+ 67. Kf8 Ka4 68. Ke8 Rb1 69. Kd7 Rb7+ 70. Kc6 Rxf7 71. Rxf7 Kb3 72. Rf3 a4 73. Kc5 a3 74. Kd4 1-0

[Event "Amager-ch B"]
[Site "Amager"]
[Date "2013.09.24"]
[Round "5"]
[White "Petersen, Christian"]
[Black "May, Samuel Peter Heine"]
[Result "1/2-1/2"]
[WhiteElo "1535"]
[BlackElo "1564"]
[PlyCount "65"]
[EventDate "2013.08.20"]
[EventType "swiss"]
[EventRounds "9"]
[EventCountry "DEN"]
[SourceTitle "EXT 2023"]
[Source "ChessBase"]
[SourceDate "2022.10.05"]
[SourceVersion "1"]
[SourceVersionDate "2022.10.05"]
[SourceQuality "1"]

1. d4 d5 2. c4 c6 3. Nc3 Nf6 4. Nf3 Bf5 5. e3 e6 6. Bd3 Bg6 7. 0-0 Bd6 8. Re1 Nbd7 9. Bxg6 hxg6 10. cxd5 cxd5 11. Qd3 Rc8 12. e4 dxe4 13. Nxe4 Qc7 14. g3 Nxe4 15. Qxe4 Nf6 16. Qe2 0-0 17. Bg5 Nd5 18. Rac1 Qb6 19. Ne5 Bxe5 20. dxe5 Rc6 21. Rxc6 Qxc6 22. Rc1 Qd7 23. Qc2 Re8 24. Kg2 b6 25. Qc6 Qxc6 26. Rxc6 f6 27. Bd2 Kf7 28. f4 Rd8 29. Kf3 Ne7 30. Rc2 Rd7 31. Bb4 Nf5 32. Rc8 Ne7 33. Rh8 1/2-1/2

[Event "Amager-ch B"]
[Site "Amager"]
[Date "2013.09.10"]
[Round "4"]
[White "May, Samuel Peter Heine"]
[Black "Gade, Jens"]
[Result "1/2-1/2"]
[WhiteElo "1564"]
[BlackElo "1459"]
[PlyCount "43"]
[EventDate "2013.08.20"]
[EventType "swiss"]
[EventRounds "9"]
[EventCountry "DEN"]
[SourceTitle "EXT 2023"]
[Source "ChessBase"]
[SourceDate "2022.10.05"]
[SourceVersion "1"]
[SourceVersionDate "2022.10.05"]
[SourceQuality "1"]

1. d4 d5 2. c4 dxc4 3. e3 Nf6 4. Bxc4 c6 5. Nc3 e6 6. Nf3 Be7 7. 0-0 0-0 8. Re1 Nbd7 9. Qe2 Nb6 10. Bb3 Nbd5 11. e4 Nxc3 12. bxc3 Qb6 13. Bg5 Re8 14. Rab1 Qc7 15. Bh4 Bd7 16. Red1 Rad8 17. Rbc1 b6 18. Bg3 Qc8 19. h3 c5 20. Bh2 cxd4 21. cxd4 Qb7 22. e5 1/2-1/2